00595nam a2200157 a 450000100100000000500170001000800410002704000250006810000380009324501230013126000310025430000210028504900090030695201050031599900170042000003431520200930073632.0111003s1947 es 000 0 spa d aDO-SdBNPbspacBNPHU1 aGubern Salisachs, Santiago95974413aLa ruptura de promesa matrimonial y la seducción de la mujer ante el derecho y la ley /cSantiago Gubern Salisanchs. aBarcelona :bBosch,c1947. a186 p. ;c23 cm. aBNPD 001050718MOaGRbGRcCTd2011-10-03iLF1l0o p34315-10r2020-06-25w2020-06-25y1ZNo se presta c33806d33806